Seven miles a second /

Sábháilte in:
Sonraí bibleagrafaíochta
Príomhchruthaitheoirí: Wojnarowicz, David (Údar), Romberger, James (Údar)
Formáid: LEABHAR
Teanga:Béarla
Foilsithe / Cruthaithe: New York : DC Comics, c1996
Clibeanna: Cuir clib leis
Níl clibeanna ann, Bí ar an gcéad duine le clib a chur leis an taifead seo!

MARC

LEADER 00000nam a22000007i 4500
001 IT\ICCU\UBO\2259701
003 ItRI
005 20260115231835.0
008 030729s1996 xxu|||||| ||||| |||||c
020 |a 1563892472 
040 |b ita  |c importazione bologna sebina 
041 7 |a eng  |2 ISO-639-2 
100 1 |a Wojnarowicz, David  |0 IT\ICCU\RAVV\350703  |4 aut 
245 1 0 |a Seven miles a second /  |c David Wojnarowicz and James Romberger. 
260 |a New York :  |b DC Comics,  |c c1996 
300 |a 59 p. :  |b ill. ;  |c 26 cm 
500 |a Titolo sulla cop. 
700 1 |a Romberger, James  |0 IT\ICCU\UBOV\817389  |4 aut 
942 |2 ddc  |c BK  |n 0 
952 |0 0  |1 0  |4 0  |6 F_741_597000000000000_WOJ  |7 0  |9 13962  |a BO  |b BO  |d 2026-01-15  |i 7570  |l 0  |o F 741.597 WOJ  |p BO7570  |r 2026-01-15 23:18:35  |w 2026-01-15  |x [Sebina 5] [1 v.]  |y BK  |z 1 v. 
999 |c 12022  |d 12022